000 00414nam a2200157Ia 4500
008 240729s9999 xx 000 0 und d
022 _a2079-3200
245 0 _aJournal of Intelligence
260 _aSwitzerland
260 _bMDPI AG
650 _a Social sciences (General)
650 _aSocial Sciences
856 _uhttps://doaj.org/toc/e8efb8ccf3e544c3bd7b900adc868aae
942 _2ddc
942 _cDOAJEJ
999 _c74051
_d74051
945 _a1
_bMadushi Gamage
_c1
_dMadushi Gamage